00484 2200181 4500245003800000020002200038250001100060100001700071700002000088650001600108005001900124260003100143041001400174084000800188300002200196500007500218336000900293 aRumah CokelatcSitta KarinahText a978-602-8663-74-8 aCet. 3 aSitta Karina aSiti Nur Andini aNovel Fiksi a20231006141453 aTangerangbBuah Hatic2012 aIndonesia a813 a226 hlm. :cilus. aperjalanan hanna menemukan makna menjadi seorang ibu yang sesungguhnya atext